Detalles MARC
| 000 -LEADER |
| fixed length control field |
01577nam a2200241 a 4500 |
| 001 - CONTROL NUMBER |
| control field |
|
| 003 - CONTROL NUMBER IDENTIFIER |
| control field |
OSt |
| 005 - DATE AND TIME OF LATEST TRANSACTION |
| control field |
20230713100407.0 |
| 008 - FIXED-LENGTH DATA ELEMENTS--GENERAL INFORMATION |
| fixed length control field |
090331s2002 dr 000 0 spa d |
| 040 ## - CATALOGING SOURCE |
| Original cataloging agency |
DO-SdBNP |
| Language of cataloging |
spa |
| Transcribing agency |
|
| 082 ## - DEWEY DECIMAL CLASSIFICATION NUMBER |
| Classification number |
324.27293 |
| Item number |
B742pa, 2002 |
| Edition number |
22 |
| 100 1# - MAIN ENTRY--PERSONAL NAME |
| Personal name |
Bosch, Juan, |
| Dates associated with a name |
1909-2001 |
| 9 (RLIN) |
1 |
| 245 13 - TITLE STATEMENT |
| Title |
El partido : |
| Remainder of title |
concepción, organización y desarrollo / |
| Statement of responsibility, etc. |
Juan Bosch. |
| 250 ## - EDITION STATEMENT |
| Edition statement |
4a. ed. |
| 260 ## - PUBLICATION, DISTRIBUTION, ETC. (IMPRINT) |
| Place of publication, distribution, etc. |
Santo Domingo : |
| Name of publisher, distributor, etc. |
Alfa & Omega, |
| Date of publication, distribution, etc. |
2002. |
| 300 ## - PHYSICAL DESCRIPTION |
| Extent |
ii, 253 p. ; |
| Dimensions |
21 cm. |
| 505 0# - FORMATTED CONTENTS NOTE |
| Formatted contents note |
Palabras de explicación -- |
| Title |
Análisis del partido -- |
| -- |
Significado de la dialéctica -- |
| -- |
Sobre el partido -- |
| -- |
Las alianzas entre partidos -- |
| -- |
Para los círculos -- |
| -- |
La consulta a las bases del PLD -- |
| -- |
El segundo paso -- |
| -- |
El PLD y las elecciones -- |
| -- |
El primer congreso elector nacional -- |
| -- |
Por qué vamos -- |
| -- |
Discurso en el primer congreso -- |
| -- |
Los métodos de trabajo -- |
| -- |
Los métodos de trabajo del PLD -- |
| -- |
Base teórica de los métodos de trabajo -- |
| -- |
La crisis del PLD -- |
| -- |
Aprendamos a desconfiar -- |
| -- |
Razones que tiene el PLD para ir a las elecciones -- |
| -- |
Hay que tener cuidado con el populismo -- |
| -- |
Los resultados de las elecciones -- |
| -- |
¿Qué ganó el PLD en las elecciones? -- |
| -- |
Lenin aplicó un programa de derechas -- |
| -- |
Lenin, el programa y la táctica -- |
| -- |
El periódico y el partido -- |
| -- |
La venta de vanguardia -- |
| -- |
El periódico del partido. |
| 590 ## - LOCAL NOTE (RLIN) |
| Local note |
Inventariado, 2023/VM |
| 610 #4 - SUBJECT ADDED ENTRY--CORPORATE NAME |
| Corporate name or jurisdiction name as entry element |
Partido de la Liberación Dominicana |
| 650 #4 - SUBJECT ADDED ENTRY--TOPICAL TERM |
| Topical term or geographic name as entry element |
Partidos políticos |
| Geographic subdivision |
República Dominicana |
| 910 ## - USER-OPTION DATA (OCLC) |
| User-option data |
VMateo V. Control de calidad (BPMSU) |
| 942 ## - ADDED ENTRY ELEMENTS (KOHA) |
| Source of classification or shelving scheme |
Dewey Decimal Classification |
| Koha item type |
Libros |